Normal view
MARC view
- المالكي، ابراهيم العبدلي ، السعدي، عبد الرزاق عبد الرحمن/تقديم
Entry Personal Name
001 - CONTROL NUMBER
- control field: 40093
003 - CONTROL NUMBER IDENTIFIER
- control field: JO-AjAnu
005 - DATE AND TIME OF LATEST TRANSACTION
- control field: 20230606080649.0
008 - FIXED-LENGTH DATA ELEMENTS
- fixed length control field: 230606|| aca||aabn | a|a d
040 ## - CATALOGING SOURCE
- Original cataloging agency: JO-AjAnu
- Transcribing agency: JO-AjAnu
100 ## - HEADING--PERSONAL NAME
- Personal name: المالكي، ابراهيم العبدلي ، السعدي، عبد الرزاق عبد الرحمن/تقديم
670 ## - SOURCE DATA FOUND
- Source citation: Work cat.: (JO-AjAnu)20554: المالكي، ابراهيم العبدلي ، السعدي، عبد الرزاق عبد الرحمن/تقديم, author, عمدة التحقيق في بشائر آل الصديق